01038cam a22002897a 450000500170000000800410001701000100005801100100006803500100007808200170008810000360010524500630014126000370020430000100024159000410025159000410029259000410033359000420037465000290041665000330044590100070047894900570048594900630054294900630060594900630066899900170073120220329141149.0971010s1988 r 00010 d a63690 a64662 a70631 a634.956bN5400aNiembro Rocas, Aníbal.981243 0aSemillas de árboles y arbustosb: ontogenia y estructura aMéxico, D. F. :bLimusa,c1988 a285 p aBATCH-UPDb10c20130110lUCH01h1806 aBATCH-UPDb10c20130410lUCH01h1141 aBATCH-UPDb10c20130914lUCH01h1839 aCONVERSIONb10c20130109lUCH01h133414aArbustosxSemilla.9674414aSemillas forestales.9103935 aBK a634.956 N54bZAcLIBROd-3004eLIBROh5393i70631si a634.956 N54bZAcLIBROd-45275eLIBROfc.2h5394i70631si a634.956 N54bZAcLIBROd-45277eLIBROfc.3h5395i70631si a634.956 N54bZAcLIBROd-45278eLIBROfc.4h5396i70631si c63690d63690